000 00305nam a22001337a 4500
008 170809b xxu||||| |||| 00| 0 eng d
020 _a9780131865358
041 _aeng
080 _a004
100 _a35
101 _aSHKI
245 _aSPSS 13.0 GUIDE TO DATA ANALYSIS
_cNORUSIS, M.J
942 _2udc
_cBK
999 _c23027
_d23027